[Event "BI-2013-P-0000"]
[Site "LSS email"]
[Date "2013.04.22"]
[Round "?"]
[White "Hornyak, Anthony"]
[Black "Turetskij, Mark"]
[Result "1-0"]
[WhiteElo "1423"]
[BlackElo "1650"]
[PlyCount "45"]
[EventDate "2013.04.25"]
[EventType "tourn (corr)"]
[EventRounds "10"]
[EventCountry "GER"]
[SourceTitle "Corr 2022"]
[Source "ChessBase"]
[SourceDate "2021.10.24"]
[SourceVersion "1"]
[SourceVersionDate "2021.10.24"]
[SourceQuality "1"]

1. d4 d5 2. c4 e6 3. Nc3 Nf6 4. Bg5 Be7 5. e3 0-0 6. Nf3 h6 7. Bxf6 Bxf6 8. Bd3 dxc4 9. Bxc4 Nc6 10. 0-0 Bd7 11. a3 Na5 12. Be2 Nc6 13. Rc1 Ne7 14. h3 Bc6 15. e4 Ng6 16. Re1 b6 17. Bc4 Bb7 18. Qd2 Qe7 19. d5 exd5 20. Nxd5 Bxd5 21. Bxd5 Rad8 22. Qc2 Ne5 23. Nxe5 1-0

[Event "BI-2013-P-0000"]
[Site "LSS email"]
[Date "2013.04.22"]
[Round "?"]
[White "Turetskij, Mark"]
[Black "Montoro, Gustavo Ernesto"]
[Result "0-1"]
[WhiteElo "1650"]
[BlackElo "2017"]
[PlyCount "20"]
[EventDate "2013.04.25"]
[EventType "tourn (corr)"]
[EventRounds "10"]
[EventCountry "GER"]
[SourceTitle "Corr 2022"]
[Source "ChessBase"]
[SourceDate "2021.10.24"]
[SourceVersion "1"]
[SourceVersionDate "2021.10.24"]
[SourceQuality "1"]

1. c4 b6 2. Nc3 Bb7 3. d4 e6 4. Nf3 Bb4 5. a3 Bxc3+ 6. bxc3 f5 7. Bg5 Nf6 8. e3 0-0 9. Bd3 Qe8 10. 0-0 Ne4 0-1

[Event "ZI-2013-0-01486"]
[Site "LSS email"]
[Date "2013.01.15"]
[Round "?"]
[White "Thurrott, Allan"]
[Black "Turetskij, Mark"]
[Result "1-0"]
[WhiteElo "2031"]
[BlackElo "1434"]
[PlyCount "53"]
[EventDate "2013.01.11"]
[EventType "match (corr)"]
[EventRounds "2"]
[EventCountry "GER"]
[SourceTitle "Telechess CBM 159"]
[Source "ChessBase"]
[SourceDate "2014.03.17"]
[SourceVersion "1"]
[SourceVersionDate "2014.03.17"]
[SourceQuality "1"]

1. e4 c6 2. d4 d5 3. e5 Bf5 4. Nf3 e6 5. Be2 Nd7 6. 0-0 Qb6 7. Nc3 Bb4 8. Na4 Qc7 9. a3 Ba5 10. Nh4 Bg6 11. Nxg6 hxg6 12. b4 Bb6 13. c3 Ne7 14. Bf4 a5 15. Qd2 Rh7 16. Rfb1 Nf5 17. Ra2 Ke7 18. Rab2 Rah8 19. g4 Nh6 20. bxa5 Ng8 21. Nxb6 Nb8 22. Nxd5+ exd5 23. Rxb7 Qxb7 24. Rxb7+ Nd7 25. c4 dxc4 26. Qb4+ c5 27. Qxc5+ 1-0

[Event "ZI-2013-0-01486"]
[Site "LSS email"]
[Date "2013.01.15"]
[Round "?"]
[White "Turetskij, Mark"]
[Black "Thurrott, Allan"]
[Result "0-1"]
[WhiteElo "1434"]
[BlackElo "2031"]
[PlyCount "64"]
[EventDate "2013.01.11"]
[EventType "match (corr)"]
[EventRounds "2"]
[EventCountry "GER"]
[SourceTitle "Telechess CBM 159"]
[Source "ChessBase"]
[SourceDate "2014.03.17"]
[SourceVersion "1"]
[SourceVersionDate "2014.03.17"]
[SourceQuality "1"]

1. Nf3 Nf6 2. d4 e6 3. c4 d5 4. Nc3 c6 5. Bg5 h6 6. Bh4 dxc4 7. e3 b5 8. a3 Nbd7 9. Be2 Bb7 10. 0-0 Be7 11. Ne5 Nxe5 12. dxe5 Qxd1 13. Raxd1 Nd7 14. Bxe7 Kxe7 15. f4 Nc5 16. Kf2 a5 17. Rd6 b4 18. axb4 axb4 19. Nd1 Ne4+ 20. Kg1 Nxd6 21. exd6+ Kxd6 22. Nf2 Ra2 23. Bxc4 Rxb2 24. Rd1+ Kc7 25. Nd3 Rc2 26. Ne5 Rd8 27. Rb1 c5 28. Bf1 Rdd2 29. Nf3 Bxf3 30. gxf3 Rc3 31. Re1 b3 32. h4 b2 0-1